| 000 | 01893cam a22003615i 4500 | ||
|---|---|---|---|
| 999 |
_c27850 _d27821 |
||
| 001 | 19202012 | ||
| 003 | EG-ScBUE | ||
| 005 | 20191215140802.0 | ||
| 008 | 160802r20172016enka f b 001 0 eng d | ||
| 020 | _a9780567200198 (pbk.) | ||
| 035 | _a(OCoLC)ocn908990408 | ||
| 040 |
_aYDXCP _beng _erda _cYDXCP _dOCLCQ _dBTCTA _dBDX _dNLE _dOCLCO _dOCLCF _dS3O _dCDX _dNYP _dNGU _dDLC _dEG-ScBUE |
||
| 082 | 0 | 4 |
_a418.0071 _bBEN _222 |
| 100 | 1 |
_aBenati, Alessandro G., _eauthor. |
|
| 245 | 1 | 0 |
_aSecond language acquisition : _ba theoretical introduction to real world applications / _cAlessandro G. Benati and Tanja Angelovska. |
| 250 | _aReprint edition. | ||
| 264 | 1 |
_aLondon ; _aNew York : _bBloomsbury Academic / Bloomsbury Publishing Plc., _c2017. |
|
| 300 |
_axii, 183 pages : _billustrations ; _c24 cm |
||
| 336 |
_atext _btxt _2rdacontent |
||
| 337 |
_aunmediated _bn _2rdamedia |
||
| 338 |
_avolume _bnc _2rdacarrier |
||
| 504 | _aIncludes bibliographical references and index. | ||
| 505 | 0 | _aIntroduction to second language acquisition -- Similarities and differences between first and second language acquisition -- How learners process information in second language acquisition -- How the internal system develops in a second language -- How learners learn to communicate in a second language -- What we know about SLA. | |
| 650 | 7 |
_aSecond language acquisition. _2BUEsh |
|
| 650 | 7 |
_aSecond language acquisition _xStudy and teaching. _2BUEsh |
|
| 653 |
_bHHUUEENN _cNovember2019 |
||
| 655 | _vReading book | ||
| 700 | 1 |
_aAngelovska, Tanja, _eauthor. |
|
| 856 | 4 | 2 |
_3Contributor biographical information _uhttps://www.loc.gov/catdir/enhancements/fy1617/2015298886-b.html |
| 856 | 4 | 2 |
_3Publisher description _uhttps://www.loc.gov/catdir/enhancements/fy1617/2015298886-d.html |
| 856 | 4 | 1 |
_3Table of contents only _uhttps://www.loc.gov/catdir/enhancements/fy1617/2015298886-t.html |
| 942 |
_2ddc _cBB |
||